000 00992nam a2200193 a 4500
008 120416s1980 ||||||||||||||||| || u
050 _aHC 244 Kor
100 _aKornai, Janos
245 1 0 _aEconomics of shortages
260 _aAmsterdam
_bNorth-Holland
_c1980
300 _a2v
350 _a0.00
650 _aECONOMIC SHORTAGES
650 0 _aECONOMICS
995 _aANNEX COLLECTION (Main Library)
_D0.00
_e705344
_FCBU-MAIN LIBRARY (Kitwe)
_H1
_I0.00
_jHC 244 Kor
_M1
_UAVAILABLE
_y002828
_ZAnnex Low-Usage Collection
995 _aANNEX COLLECTION (Main Library)
_D0.00
_e705346
_FCBU-MAIN LIBRARY (Kitwe)
_H3
_I0.00
_jHC 244 Kor
_M3
_UAVAILABLE
_y002829
_ZAnnex Low-Usage Collection
995 _aANNEX COLLECTION (Main Library)
_D0.00
_e705347
_FCBU-MAIN LIBRARY (Kitwe)
_H2
_I0.00
_jHC 244 Kor
_M2
_UAVAILABLE
_y002830
_ZAnnex Low-Usage Collection
995 _aANNEX COLLECTION (Main Library)
_D0.00
_e705345
_FCBU-MAIN LIBRARY (Kitwe)
_H4
_I0.00
_jHC 244 Kor
_M4
_UAVAILABLE
_y002831
_ZAnnex Low-Usage Collection
999 _c75723
_d75723